000 00255nam a2200097Ia 4500
008 240331s9999 xx 000 0 und d
082 _bTAM
100 _aTambiah, Stanley J
245 4 _aThe Nation in crisis and the rise of ethno nationalism :
_b-
942 _cL
999 _c2054
_d2054